Modelo de Valorização do Capital Humano em Angola (Record no. 2170)

MARC details
000 -Etiqueta do registo
Campo de controlo de comprimento fixo 00561 a2200181 4500
020 ## - ISBN (NÚMERO DE LIVRO PADRÃO INTERNACIONAL)
ISBN 978-65-87946-23-8
040 ## - Fonte de Catalogação
Agência de catalogação Biblioteca de Posgraduação- Universidade Lusíada de Angola
082 ## - DEWEY DECIMAL CLASSIFICATION NUMBER
Classificador- CDU 342.9/SIL/M 658.3/SIL/M
Prateleira/Colocação 3
100 ## - Nome Pessoal
9 (RLIN) 995
Autor DA SILVA, Celso Augusto Maria
245 ## - Declaração de Título
Título Modelo de Valorização do Capital Humano em Angola
250 ## - Indicação da edição
Edição 1ª Edição
260 ## - Publicação e Destribuíção
Local de edição/distribuição Rio de Janeiro-RJ
Editor/distribuidor Editora Dois03
300 ## - Descrição Física
Nº Pág. 97p.
600 #0 - Nome pessoal
Autor DA SILVA, Celso Augusto Maria
650 ## - MATERIA
MATERIA Direito Administrativo
-- Gestô de Recursos Humanos
700 ## - Entrada secundária - Nome pessoal
Autor Celso Augusto Maria da Silva
942 ## - - Elementos de entrada adicionados (koha)
Tipo de documento Livros
Holdings
Withdrawn status Lost status Source of classification or shelving scheme Damaged status Not for loan Permanent Location Current Location Date acquired Total Checkouts Full call number Date last seen Price effective from Koha item type
    Dewey Decimal Classification     Biblioteca de Posgraduação- Universidade Lusíada de Angola Biblioteca de Posgraduação- Universidade Lusíada de Angola 09/02/2026   342.9/SIL/M 658.3/SIL/M 09/02/2026 09/02/2026 Livros